[Event "Titled Tuesday intern op 16th Apr Late"]
[Site "Chess.com INT"]
[Date "2024.04.16"]
[Round "2"]
[White "Miszler, Levente"]
[Black "Bokros, Albert"]
[Result "0-1"]
[WhiteElo "2273"]
[BlackElo "2410"]
[PlyCount "64"]
[EventDate "2024.04.16"]
[EventType "swiss (blitz)"]
[EventRounds "11"]
[EventCountry "USA"]
[SourceTitle "CB17_2024"]
[SourceDate "2024.04.24"]
[SourceVersion "1"]
[SourceVersionDate "2024.04.24"]
[SourceQuality "1"]

1. Nf3 c5 2. c4 Nc6 3. g3 g6 4. Bg2 Bg7 5. 0-0 e6 6. Nc3 Nge7 7. d3 0-0 8. e4 d6 9. Be3 a6 10. d4 cxd4 11. Nxd4 Qc7 12. Rc1 Bd7 13. Nd5 exd5 14. cxd5 Rac8 15. dxc6 Nxc6 16. Nxc6 Bxc6 17. Qb3 Qe7 18. Qb4 Rfe8 19. Rfd1 Rcd8 20. Bb6 Rd7 21. f3 h5 22. Bd4 Bxd4+ 23. Rxd4 h4 24. Rcd1 hxg3 25. hxg3 Qg5 26. Kf2 Red8 27. Rxd6 a5 28. Rxd7 Rxd7 29. Qb3 Qc5+ 30. Kf1 Bb5+ 31. Ke1 Rxd1+ 32. Qxd1 Qe3+ 0-1

[Event "Budapest Vezerkepzo IM Christmas"]
[Site "Budapest"]
[Date "2024.01.01"]
[Round "7"]
[White "Mohammad, Nubairshah Shaikh"]
[Black "Bokros, Albert"]
[Result "1/2-1/2"]
[WhiteElo "2434"]
[BlackElo "2460"]
[PlyCount "24"]
[EventDate "2023.12.26"]
[EventType "tourn"]
[EventRounds "9"]
[EventCountry "HUN"]
[SourceTitle "CB02_2024"]
[SourceDate "2024.01.10"]
[SourceVersion "1"]
[SourceVersionDate "2024.01.10"]
[SourceQuality "1"]

1. d4 d5 2. c4 c6 3. cxd5 cxd5 4. Nf3 Nf6 5. Nc3 Nc6 6. Bf4 Bf5 7. e3 e6 8. Bd3 Bxd3 9. Qxd3 Bd6 10. Bxd6 Qxd6 11. 0-0 0-0 12. Rac1 Rac8 1/2-1/2

[Event "Titled Tuesday intern op 24th Oct Late"]
[Site "Chess.com INT"]
[Date "2023.10.24"]
[Round "8"]
[White "Bokros, Albert"]
[Black "Hernando Rodrigo, Julio Antonio"]
[Result "1/2-1/2"]
[WhiteElo "2447"]
[BlackElo "2202"]
[PlyCount "133"]
[EventDate "2023.10.24"]
[EventType "swiss (blitz)"]
[EventRounds "11"]
[EventCountry "USA"]
[SourceTitle "Mega2024 Update 01"]
[Source "Chessbase"]
[SourceDate "2023.11.12"]
[SourceVersion "1"]
[SourceVersionDate "2023.11.12"]
[SourceQuality "1"]

1. e4 e6 2. d4 d5 3. e5 c5 4. Qg4 Nc6 5. Nf3 Qa5+ 6. Nbd2 cxd4 7. Bd3 Bd7 8. 0-0 h5 9. Qg3 a6 10. a3 Nge7 11. Re1 g6 12. b4 Nxb4 13. Nb3 h4 14. Qg4 Qb6 15. axb4 Qxb4 16. Qxd4 Nf5 17. Qxb4 Bxb4 18. Bd2 Be7 19. Nbd4 Nxd4 20. Nxd4 g5 21. Rab1 b6 22. c3 b5 23. Ra1 0-0 24. h3 Rfb8 25. Nf3 a5 26. Bxg5 Bxg5 27. Nxg5 b4 28. cxb4 Rxb4 29. Nf3 a4 30. Reb1 Rxb1+ 31. Rxb1 a3 32. Ra1 a2 33. Nxh4 Ra3 34. Bf1 Ba4 35. Nf3 Bb3 36. Nd2 Bc2 37. f3 d4 38. Kf2 d3 39. Ke3 Ra5 40. f4 Kg7 41. g4 Ra4 42. Bg2 f5 43. exf6+ Kxf6 44. Be4 e5 45. g5+ Ke6 46. f5+ Kd6 47. g6 Ke7 48. h4 Kf6 49. h5 Kg7 50. Bf3 Ra7 51. Be4 Ra4 52. Bd5 Rh4 53. Rxa2 Rh3+ 54. Nf3 Bd1 55. Rh2 Rxh2 56. Nxh2 Bxh5 57. Kxd3 Bxg6 58. fxg6 Kxg6 59. Ke4 Kg5 60. Nf3+ Kh6 61. Nxe5 Kg7 62. Kf5 Kf8 63. Kf6 Ke8 64. Nc6 Kf8 65. Ne5 Ke8 66. Ke6 Kf8 67. Kf6 1/2-1/2

[Event "Titled Tuesday intern op 24th Oct Late"]
[Site "Chess.com INT"]
[Date "2023.10.24"]
[Round "1"]
[White "Perske, Thore"]
[Black "Bokros, Albert"]
[Result "1-0"]
[WhiteElo "2451"]
[BlackElo "2447"]
[PlyCount "51"]
[EventDate "2023.10.24"]
[EventType "swiss (blitz)"]
[EventRounds "11"]
[EventCountry "USA"]
[SourceTitle "Mega2024 Update 01"]
[Source "Chessbase"]
[SourceDate "2023.11.12"]
[SourceVersion "1"]
[SourceVersionDate "2023.11.12"]
[SourceQuality "1"]

1. e4 Nf6 2. Nc3 d5 3. e5 Nfd7 4. d4 c5 5. f4 e6 6. Nf3 cxd4 7. Nxd4 Nc6 8. Be3 Bc5 9. Qd2 0-0 10. 0-0-0 a6 11. Qf2 Be7 12. h4 Nxd4 13. Bxd4 b5 14. h5 h6 15. Bd3 Qc7 16. Kb1 Bc5 17. Ne2 Bb7 18. Qe3 Rac8 19. g4 b4 20. g5 hxg5 21. Rdg1 Bxd4 22. Nxd4 gxf4 23. Rxg7+ Kxg7 24. Rg1+ Kh8 25. Qxf4 Qxe5 26. Qh6# 1-0

[Event "Titled Tuesday intern op 24th Oct Late"]
[Site "Chess.com INT"]
[Date "2023.10.24"]
[Round "9"]
[White "Tologontegin, Semetey"]
[Black "Bokros, Albert"]
[Result "1-0"]
[WhiteElo "2368"]
[BlackElo "2447"]
[PlyCount "71"]
[EventDate "2023.10.24"]
[EventType "swiss (blitz)"]
[EventRounds "11"]
[EventCountry "USA"]
[SourceTitle "Mega2024 Update 01"]
[Source "Chessbase"]
[SourceDate "2023.11.12"]
[SourceVersion "1"]
[SourceVersionDate "2023.11.12"]
[SourceQuality "1"]

1. a3 d5 2. d4 c6 3. Nf3 Bg4 4. Ne5 Bf5 5. Bf4 Nd7 6. Nd2 Nxe5 7. Bxe5 Nf6 8. e3 e6 9. c4 Bd6 10. Bxd6 Qxd6 11. c5 Qd7 12. Be2 0-0 13. 0-0 Rfe8 14. f4 Ne4 15. Nxe4 Bxe4 16. b4 a6 17. a4 Rf8 18. Qb3 Qc7 19. b5 axb5 20. axb5 b6 21. Ra6 Rfb8 22. cxb6 Qb7 23. Rfa1 cxb5 24. Ra7 Rxa7 25. bxa7 Ra8 26. Qxb5 Qc7 27. Qc5 Qb7 28. Bb5 h5 29. h3 h4 30. Kh2 Kh7 31. Ra2 Rc8 32. Qxc8 Qxb5 33. a8Q Qf1 34. Qh8+ Kg6 35. Qxh4 Qb1 36. Qg5+ 1-0

[Event "SVK-chT 2223"]
[Site "Slovakia"]
[Date "2023.03.31"]
[Round "9.4"]
[White "Bokros, Albert"]
[Black "Kukel, Imre1111"]
[Result "1-0"]
[WhiteElo "2453"]
[BlackElo "2274"]
[PlyCount "67"]
[EventDate "2022.10.22"]
[EventType "team-tourn"]
[EventRounds "11"]
[EventCountry "SVK"]
[SourceTitle "EXT 2024"]
[Source "ChessBase"]
[SourceDate "2023.10.10"]
[SourceVersion "1"]
[SourceVersionDate "2023.10.10"]
[SourceQuality "1"]
[WhiteTeam "Dunajska Streda"]
[BlackTeam "Komarno"]
[WhiteTeamCountry "SVK"]
[BlackTeamCountry "SVK"]

1. e4 c5 2. Nf3 d6 3. d4 cxd4 4. Nxd4 Nf6 5. f3 Nc6 6. c4 Nxd4 7. Qxd4 g6 8. Nc3 Bg7 9. Be3 0-0 10. Qd2 Qa5 11. Rc1 Be6 12. b3 Rfc8 13. Be2 a6 14. Na4 Qxd2+ 15. Kxd2 Nd7 16. g4 f5 17. exf5 gxf5 18. h3 Rf8 19. f4 Rad8 20. Nc3 d5 21. cxd5 Nf6 22. Bb6 Rd7 23. Ke3 Bxd5 24. Rhd1 Be6 25. g5 Rxd1 26. Rxd1 Rc8 27. Bd4 Nd7 28. Bxg7 Kxg7 29. Nd5 Nc5 30. Bf3 Rd8 31. h4 Nd7 32. Nc7 Bf7 33. Bxb7 Rb8 34. Rxd7 1-0

[Event "SVK-chT 2223"]
[Site "Slovakia"]
[Date "2023.02.25"]
[Round "7.1"]
[White "Piesik, Piotr"]
[Black "Bokros, Albert"]
[Result "1-0"]
[WhiteElo "2423"]
[BlackElo "2453"]
[PlyCount "101"]
[EventDate "2022.10.22"]
[EventType "team-tourn"]
[EventRounds "11"]
[EventCountry "SVK"]
[SourceTitle "EXT 2024"]
[Source "ChessBase"]
[SourceDate "2023.10.10"]
[SourceVersion "1"]
[SourceVersionDate "2023.10.10"]
[SourceQuality "1"]
[WhiteTeam "Dubnica nad Vahom"]
[BlackTeam "Dunajska Streda"]
[WhiteTeamCountry "SVK"]
[BlackTeamCountry "SVK"]

1. d4 Nf6 2. c4 e6 3. Nc3 Bb4 4. f3 d5 5. a3 Be7 6. e4 dxe4 7. fxe4 e5 8. d5 Bc5 9. Bg5 h6 10. Bh4 Qe7 11. Nf3 Bg4 12. h3 Bxf3 13. Qxf3 Nbd7 14. Bd3 Bd4 15. Nb5 Bb6 16. 0-0-0 a6 17. Nc3 0-0-0 18. Kb1 Kb8 19. Ne2 g5 20. Be1 h5 21. Ng3 g4 22. Qe2 gxh3 23. gxh3 Rdg8 24. Nf5 Qf8 25. b4 Rg6 26. c5 Nxc5 27. bxc5 Bxc5 28. Nh4 Rg7 29. Ka2 Nd7 30. Rb1 Ka7 31. Qb2 Qc8 32. Bf2 b6 33. Rhc1 Qf8 34. Bxa6 f5 35. Bb5 fxe4 36. Bxc5 Nxc5 37. Rf1 Qd8 38. Qxe5 Rhg8 39. Nf5 Rg2+ 40. Rb2 Rxb2+ 41. Kxb2 Rg2+ 42. Kc3 Ra2 43. Nd4 Kb7 44. Rf7 Rxa3+ 45. Kb2 Ra5 46. Bc6+ Ka6 47. Qxc7 Nd3+ 48. Kb1 Qxc7 49. Rxc7 Rc5 50. Bb7+ Ka7 51. Nc6+ 1-0

[Event "HUN-chT 2223"]
[Site "Hungary"]
[Date "2022.12.04"]
[Round "2.3"]
[White "Bokros, Albert"]
[Black "Turzo, Attila"]
[Result "1-0"]
[WhiteElo "2456"]
[BlackElo "2298"]
[PlyCount "85"]
[EventDate "2022.11.20"]
[EventType "team-tourn"]
[EventRounds "9"]
[EventCountry "HUN"]
[SourceTitle "CBM 211 Extra"]
[Source "ChessBase"]
[SourceDate "2023.01.31"]
[SourceVersion "1"]
[SourceVersionDate "2023.01.31"]
[SourceQuality "1"]
[WhiteTeam "Biatorbagy"]
[BlackTeam "Hetenyi Geza"]
[WhiteTeamCountry "HUN"]
[BlackTeamCountry "HUN"]

1. e4 e5 2. Nf3 Nc6 3. Bb5 a6 4. Ba4 Nf6 5. d3 b5 6. Bb3 Be7 7. 0-0 0-0 8. c3 d5 9. Nbd2 Re8 10. Re1 Bg4 11. h3 Bh5 12. Qe2 Bf8 13. Nf1 Na5 14. Bc2 c5 15. Ng3 Bg6 16. Bg5 d4 17. cxd4 cxd4 18. Rec1 Qb6 19. Nh4 Nd7 20. Bd2 Nc6 21. Bb3 Nc5 22. Bd5 Rac8 23. a3 Ne7 24. Ba2 Qf6 25. Nxg6 Nxg6 26. Nh5 Qe7 27. Rc2 Qd7 28. Rac1 Ne6 29. Kh2 Rxc2 30. Rxc2 Rc8 31. Rxc8 Qxc8 32. Qd1 Be7 33. Ng3 Ngf4 34. Nf5 Bf8 35. Bxf4 Nxf4 36. Qg4 Qc6 37. g3 Nxd3 38. Qf3 Qf6 39. Nh6+ Kh8 40. Nxf7+ Kg8 41. Nxe5+ Kh8 42. Qxf6 gxf6 43. Nxd3 1-0